00375cam a2200145 4500020003400000082001400034100001600048245004500064260003300109300001000142650001400152650001400166650002400180650002500204 a040870523Xa0408705248 (pbk.) a546.2 CAH1 aCahn, R. S.13aAn introduction to chemical nomenclature aLondon,bButterworthsc[1959 a96 p. 0aChemistry 2aChemistry 7aQuimica (Filosofia) 7aNomenclatura Quimica